| 000 | nam a22 7a 4500 | ||
|---|---|---|---|
| 999 |
_c259202 _d259202 |
||
| 003 | IT-MiCISF | ||
| 008 | 161216b xxu||||| |||| 00| 0 eng d | ||
| 020 | _a9788821596636 | ||
| 040 | _cIT-MiCISF | ||
| 041 | _ait | ||
| 100 |
_aBoffi Pietro, Miglionico Lucia, Petracca Ciavarella G. _956071 |
||
| 245 |
_aCos'è la pastorale familiare? _bContenuti, metodi ed esperienze |
||
| 260 |
_aCinisello B. (MI) _bSan Paolo _c2015 |
||
| 300 | _app, 166 | ||
| 500 | _apastorale-familiare, storia, chiesa, operatori-pastorali, pastorale-prematrimoniale, cambiamento, gruppi-familiari | ||
| 520 | _aCos'è la pastorale familiare? Quali sono le sue origini e i suoi contenuti? Come si articola concretamente nel vissuto quotidiano delle nostre comunità? Quali presupposti, quali attenzioni richiede perché raggiunga veramente il suo scopo, e cioè mettere la famiglia al centro della vita delle nostre parrocchie? Il volume tenta di rispondere a queste domande. Nella prima parte si presenta quindi la genesi stessa della pastorale familiare, per seguirne poi lo sviluppo fino alle istanze più recenti, quelle che hanno portato papa Francesco a indire i due Sinodi. Nella seconda, di taglio pratico-operativo, si delineano ambiti di azione, modalità operative, strutture e competenze che sono da un lato necessarie e dall'altro auspicabili perché la cura e l'accompagnamento della famiglia non resti una bella espressione nei documenti dei vescovi, ma diventi una realtà vicina agli uomini di oggi. | ||
| 650 |
_apastorale-familiare _956039 |
||
| 654 | _asaggio | ||
| 942 |
_2ddc _cBK |
||